000 01739nam a2200421 i 4500
001 000029940
003 DO-SdBNP
005 20230911150205.0
007 ta
008 110427s1992 dr a r 000 0 spa d
040 _aDO-SdBNP
_bspa
_cBNPHU
_erda
082 4 _a970.015
_bB479h
_222
100 1 _a Benzoní, Girolamo,
_956684
_d1519-1570.
_eautor
240 1 0 _aLa historia del Mondo Nuovo
_lEspañol
245 1 3 _aLa historia del nuevo mundo /
_cGirolamo Benzoní M. ; traducción y notas, Marisa Vannini de Gerulewicz ; estudio preliminar, León Croiza.
264 _aSanto Domingo :
_bSociedad Dominicana de Bibliófilos,
_c1992.
300 _axciv, 297 páginas :
_bilustraciones, mapas ;
_c23 cm.
336 _2rdacontent
_atexto
_btxt
337 _2rdamedia
_asin mediación
_bnc
338 _2rdacarrier
_avolumen
_bn
490 1 _aSociedad Dominicana de Bibliófilos
_aQuinto Centenario
500 _aIncluye referencias bibliográficas y notas al pie de las páginas
500 _aIncluye índice onomástico
504 _aBibliografía : p. [xci]-xciv.
533 _aFacsímil
_bCaracas
_d1565
534 _aTítulo original :
_tLa historia del Mondo Nuovo.
_b1565
_cVenecia.
590 _aInventariado, 2020/ YL
600 1 4 _aBenzoni, Girolamo,
_d1519-1570
_x
_977571
651 4 _aAmérica
_xDescripciones y viajes
_ySiglo XVI.
_977573
651 4 _a España
_xColonias
_xAdministración.
_934070
651 4 _a América
_xRelatos anteriores a 1600.
_977574
651 4 _aRepública Dominicana
_xHistoria
_y
_977575
700 1 _aGerulewicz, Marisa Vannini de,
_etraducción
_956685
700 1 _aCroizat, León,
_956686
_eestudio preliminar
700 _a
_956687
910 _aVMateo
942 _2ddc
_cLBS1
999 _c29432
_d29432